| 000 | 00435cam a2200181ua 4500 | ||
|---|---|---|---|
| 020 | _c6.60 | ||
| 041 |
_aeng _h |
||
| 082 |
_a519 _bWAL/IN |
||
| 100 | _aWalters, G W . | ||
| 245 |
_aIntroduction to applied mechanics / _cG W Walters. _hTextual Documents |
||
| 250 |
_a1 / _b. |
||
| 260 |
_aLondon : _bMcMillon & Co Ltd , _c1951. |
||
| 300 | _a155 ; . | ||
| 365 | _a6.60 | ||
| 504 | _a | ||
| 942 | _cBK | ||
| 999 |
_c7366 _d7366 |
||